[Event "Ottawa op"]
[Site "Ottawa"]
[Date "1989.06.10"]
[Round "1"]
[White "Morin, Louis"]
[Black "Nobari, Ali"]
[Result "0-1"]
[WhiteElo "1880"]
[BlackElo "1868"]
[PlyCount "52"]
[EventDate "1989.06.10"]
[EventType "swiss"]
[EventRounds "5"]
[EventCountry "CAN"]
[SourceTitle "EXT 2022"]
[Source "ChessBase"]
[SourceDate "2021.10.06"]
[SourceVersion "1"]
[SourceVersionDate "2021.10.06"]
[SourceQuality "1"]

1. e4 e5 2. Nf3 Nc6 3. Nc3 Nf6 4. Bb5 a6 5. Bxc6 dxc6 6. Nxe5 Nxe4 7. Nxe4 Qd5 8. 0-0 Qxe5 9. d4 Qf5 10. Re1 Be6 11. Ng5 0-0-0 12. Nxe6 fxe6 13. Qe2 Rxd4 14. Be3 Re4 15. Qd3 Bd6 16. Rad1 Rd8 17. Kf1 Be7 18. Qc3 Rf8 19. Qd3 Bd6 20. Kg1 Rh4 21. g3 Qh3 22. Bf4 Qxh2+ 23. Kf1 Rh6 24. Qe3 Bxf4 25. Qa7 Qh1+ 26. Ke2 Qe4+ 0-1